Statistics for Biggest Movie Opening Weekends

Click here to take the quiz!

General Stats

  • This quiz has been taken 1,232 times
    (54 since last reset)
  • The average score is 9 of 20

Answer Stats

Weekend GrossAnswerYear% Correct
$357,115,007Avengers: Endgame2019
92%
$257,698,183Avengers: Infinity War2018
80%
$207,438,708The Avengers2012
76%
$162,022,044Barbie2023
70%
$202,003,951Black Panther2018
54%
$179,139,142Captain America: Civil War2016
54%
$260,138,569Spider-Man: No Way Home2021
54%
$247,966,675Star Wars: Episode VII - The Force Awakens2015
52%
$174,144,585Iron Man 32013
50%
$220,009,584Star Wars: Episode VIII - The Last Jedi2017
46%
$191,271,109Avengers: Age of Ultron2015
44%
$208,806,270Jurassic World2015
36%
$177,383,864Star Wars: Episode IX - The Rise of Skywalker2019
34%
$181,339,761Black Panther: Wakanda Forever2022
26%
$187,420,998Doctor Strange in the Multiverse of Madness2022
20%
$182,687,905Incredibles 22018
20%
$191,770,759The Lion King2019
20%
$166,007,347Batman v Superman: Dawn of Justice2016
16%
$174,750,616Beauty and the Beast2017
16%
$169,189,427Harry Potter and the Deathly Hallows Part 22011
14%

Score Distribution

Percentile by Number Answered

Percent of People with Each Score

Your Score History

You have not taken this quiz since the last reset